000 00614nam a2200217 a 4500
001 1828103
005 20180216075321.0
008 811211s1981 paua b 001 0 eng
010 _a 80053369
020 _a0721639577
040 _aDLC
_cDLC
_dDLC
041 _aeng
080 _a617 joa
082 0 0 _a617 joa
_219
100 1 _a5
101 _akir
245 1 0 _aSurgical technology, principles and practice /
_cJoanna Ruth Fuller ; with contributions by Helen Polauf ... [et al.].
504 _aBibliography: p. 525-526.
906 _a7
_bcbc
_corignew
_d2
_eocip
_f19
_gy-gencatlg
942 _2ddc
_cBK
999 _c42816
_d42816